| 000 | 02412cam a2200325 a 4500 | ||
|---|---|---|---|
| 005 | 20260322212006.0 | ||
| 008 | data | ||
| 010 | _a 2007943296 | ||
| 015 |
_aGBA794854 _2bnb |
||
| 016 | 7 |
_a014407377 _2Uk |
|
| 020 | _a9780470224212 (pbk.) | ||
| 020 | _a0470224215 (pbk.) | ||
| 040 |
_aUKM _cUKM _dDLC _dZS3 _dEPL _dBTCTA _dYDXCP _dVP@ _dBUR _dMNY _dB@L _dDLC |
||
| 042 | _alccopycat | ||
| 050 | 0 | 0 |
_aMT40 _b.J37 2008 |
| 082 | 0 | 0 |
_a781.3 _222 |
| 092 | _a781.3 J37 2008 | ||
| 100 | 1 | _aJarrett, Scott. | |
| 245 | 1 | 0 |
_aMusic composition for dummies / _cScott Jarrett & Holly Day. |
| 260 |
_aChichester : _bJohn Wiley [distributor], _aChichester : _bJohn Wiley [distributor], _c2008. |
||
| 300 |
_axviii, 336 p. : _bill., music ; _c24 cm. |
||
| 490 | 1 | _a--For dummies | |
| 500 | _aIncludes index. | ||
| 505 | 0 | _a1. Thinking like a composer -- 2. Tools of the trade -- 3. Musical scrapbooks : writing on paper and screen -- 4. Rhythm and mood -- 5. Finding melodies where you least expect them -- 6. Scales and modes, moods and melodies -- 7. Building melodies using motifs and phrases -- 8. Developing your melodies -- 9. Harmonizing with melodies -- 10. Composing with chords -- 11. Composing from the void -- 12. Beginnings, middles, and endings -- 13. Musical forms -- 14. Composing for the standard orchestra -- 15. Composing for the nonstandard orchestra -- 16. Composing for multiple voices -- 17. Composing commercial music and songs -- 18. Composing electronic music -- 19. Composing for other musicians -- 20. Ten composers you should know about -- 21. Nine career opportunities for composers -- 22. Ten recommended books for composers -- 23. Ten periods of music history to explore. | |
| 520 | _aMusic Composition For Dummies explains how to use music theory to write music in a variety of forms. It introduces the basic chord construction and shows the reader how to compose music both with chords and melody, develop simple melodic motifs and themes into longer compositions, arrange compositions, create scores, and select the right instruments and voicing to express musical ideas. Music Composition For Dummies also tells how to create popular songs, classically structured pieces, film and television scores, videogame soundtracks, and more using both traditional and improvisational techniques. | ||
| 650 | 0 | _aComposition (Music) | |
| 700 | 1 | _aDay, Holly. | |
| 830 | 0 | _a--For dummies. | |
| 001 | data | ||
| 999 |
_c111 _d111 |
||